000 01501nam a2200373Ia 4500
001 ebr10135548
003 CaPaEBR
006 m u
007 cr cn|||||||||
008 030731s2004 nyua sb 001 0 eng d
010 _z 2003058229
020 _z1403981477
020 _z1403964394
040 _aCaPaEBR
_cCaPaEBR
035 _a(OCoLC)123502184
050 1 4 _aJN3971.A979
_bG456 2004eb
245 0 0 _aGermany on the road to "normalcy"
_h[electronic resource] :
_bpolicies and politics of the Red-Green Federal government (1998-2002) /
_cedited by Werner Reutter.
250 _a1st ed.
260 _aNew York :
_bPalgrave Macmillan,
_c2004.
300 _axx, 292 p. :
_bill.
490 1 _aEurope in transition
504 _aIncludes bibliographical references (p. [253]-282) and index.
533 _aElectronic reproduction.
_bPalo Alto, Calif. :
_cebrary,
_d2009.
_nAvailable via World Wide Web.
_nAccess may be limited to ebrary affiliated libraries.
650 0 _aPolitical parties
_zGermany.
650 0 _aCoalition governments
_zGermany.
651 0 _aGermany
_xEconomic conditions.
651 0 _aGermany
_xSocial conditions.
651 0 _aGermany
_xPolitics and government
_y1990-
655 7 _aElectronic books.
_2local
700 1 _aReutter, Werner.
710 2 _aebrary, Inc.
830 0 _aEurope in transition (New York, N.Y.)
856 4 0 _uhttp://site.ebrary.com/lib/rucke/Doc?id=10135548
_zAn electronic book accessible through the World Wide Web; click to view
999 _c85552
_d85552